| 000 | 00621nam a2200181 a 4500 | ||
|---|---|---|---|
| 001 | 000044405 | ||
| 005 | 20201002045341.0 | ||
| 008 | 140627s2000 mx a 001 0 spa d | ||
| 020 | _a9701026810 | ||
| 040 |
_aDO-SdBNP _bspa _cBNPHU |
||
| 100 | 1 |
_aValencia Flores, Matilde _972415 |
|
| 245 | 1 | 0 |
_aTrastornos del dormir / _cMatilde Valencia Flores, Rafael J. Salín Pascual, José Rogelio Pérez Padilla. |
| 260 |
_aMéxico : _bMcgraw-Hill Interamericana, _c2000. |
||
| 300 |
_a389 p. ; _c27 cm. |
||
| 500 | _aIncluye ídice | ||
| 700 | 1 | 2 |
_aSalín Pascual, Rafael J. _972416 |
| 700 | 1 | 2 |
_aPérez Padilla, José Rogelio _972417 |
| 999 |
_c43894 _d43894 |
||